00371nam a22001452 4500001001100000005001700011008004100028040001500069245001900084250001300103260004800116300001800164651004000182852000300222000001203720151217155849.0090127s xx 000 0 eng d aKABUcKABU10aThis is Kenya. a1st ed. aNairobi :bKenya Information Office,c1947. aviii, 112 p. 0aKenyaxPictorial works.@00001682201